000
00327nam a2200121Ia 4500
008
220204s9999 xx 000 0 und d
082
_a
667.638
_b
PAR
245
0
_a
Organic coatings: Science and technology
260
_a
New York
_b
Marcel Dekker
_c
1983
700
_a
Parfitt, Geofrey D
700
_a
Patsis, Angelos
942
_c
BK
999
_c
39010
_d
39010